header

Leading valiantly in healthcare (Record no. 38955)

MARC details
000 -LEADER
fixed length control field 01385nam a2200349Ia 4500
082 04 - DEWEY DECIMAL CLASSIFICATION NUMBER
Classification number 362.1068/3
100 1# - MAIN ENTRY--AUTHOR NAME
Personal name Robinson-Walker, Catherine,
245 10 - TITLE STATEMENT
Title Leading valiantly in healthcare
260 ## - PUBLICATION, DISTRIBUTION, ETC. (IMPRINT)
Place of publication Indianapolis, IN :
Name of publisher Sigma Theta Tau International,
Year of publication c2013.
300 ## - PHYSICAL DESCRIPTION
Number of Pages xxxix, 296 p. :
Other physical details ill.
650 #0 - SUBJECT ADDED ENTRY--TOPICAL TERM
Topical Term Health services administration.
Topical Term Leadership.
856 40 - ELECTRONIC LOCATION AND ACCESS
Uniform Resource Identifier http://site.ebrary.com/lib/rucke/Doc?id=10726792

No items available.

© 2026 Rongo University
Contact us: librarian | system librarian | Rongo university